Wird geladen...

Alexander pope /

Bibliographische Detailangaben
1. Verfasser: Dobree, Bonamy
Sprache:Undetermined
Veröffentlicht: 1963
LEADER 00348nam a2200121Ia 4500
001 35345
008 170722s9999 xx 000 0 und d
100 |a Dobree, Bonamy 
245 |a Alexander pope / 
260 |c 1963 
942 |c GEN 
999 |c 25169  |d 25169 
952 |0 0  |1 0  |4 0  |6 O_1K88W_K3  |7 0  |9 29331  |a LIB  |b LIB  |d 2017-08-12  |o O-,1k88w K3  |p 95059  |r 2017-08-12  |w 2017-08-12  |y GEN